Constructores de un cambio cultural : impresores-editores y libreros en la ciudad de México, 1830-1855 /
Obra colectiva que recrea la historia cultural de la ciudad de México durante la primera mitad del siglo XIX, justo después de la guerra de independencia. Esta recreación se hace a través de la biografía y contextualización de los principales editores, libreros y promotores de la lectura de la ciuda...
Uloženo v:
| Hlavní autor: | |
|---|---|
| Médium: | Kniha |
| Jazyk: | španělština |
| Vydáno: |
México:
Instituto Mora,
2003, c2003
|
| Edice: | (Historia Social y Cultural)
|
| Témata: | |
| Tagy: |
Žádné tagy, Buďte první, kdo vytvoří štítek k tomuto záznamu!
|
MARC
| LEADER | 00000nam^a2200000^a^4500 | ||
|---|---|---|---|
| 001 | 000156292 | ||
| 005 | 20250521000000.0 | ||
| 009 | 20260310100457.792 | ||
| 020 | |a 970-684-061-3 | ||
| 037 | |a Acervo ITESO - Biblioteca | ||
| 041 | |a ESP | ||
| 082 | |a 302. 2320972532042 |b SUA | ||
| 100 | |a Suárez de la Torre, Laura |e (coord.) | ||
| 245 | 1 | 0 | |a Constructores de un cambio cultural : |b impresores-editores y libreros en la ciudad de México, 1830-1855 / |c Coord. de L. Suárez de la Torre. |
| 264 | 4 | |a México: |b Instituto Mora, |c 2003, c2003 | |
| 300 | |a 554 p. | ||
| 336 | |a texto |b txt |2 rdacontenido | ||
| 337 | |a sin mediación |b n |2 rdamedio | ||
| 338 | |a volumen |b nc |2 rdasoporte | ||
| 440 | 1 | |a (Historia Social y Cultural) | |
| 520 | |a Obra colectiva que recrea la historia cultural de la ciudad de México durante la primera mitad del siglo XIX, justo después de la guerra de independencia. Esta recreación se hace a través de la biografía y contextualización de los principales editores, libreros y promotores de la lectura de la ciudad de México y del impacto de su quehacer en la vida sociopolítica de la ciudad de México y del país entero. | ||
| 649 | |a XX | ||
| 650 | |a Editores y Libreros Mexicanos - |x Biografías | ||
| 650 | |a Editores y Libreros Españoles - |x Biografías | ||
| 650 | |a Editores y Libreros Mexicanos - |x Historia - |y Siglo XIX | ||
| 650 | |a Industria Editorial - |z México (Ciudad)- |x Historia - |y Federalismo y Centralismo, 1824-1853 | ||
| 650 | |a Industria Editorial - |z México - |x Historia - |y Federalismo y Centralismo,1824-1853 | ||
| 650 | |a Industria Editorial - |z México - |x Historia - |y Siglo XIX | ||
| 650 | |a Cultura - |z México (Ciudad) - |x Historia - |y Federalismo y Centralismo, 1824-1853 | ||
| 650 | |a Cultura - |z México - |x Historia - |y Federalismo y Centralismo, 1824-1853 | ||
| 650 | |a Cultura - |z México (Ciudad) - |x Historia - |y Siglo XIX | ||
| 650 | |a Libros - |z México (Ciudad) - |x Historia - |y Federalismo y Centralismo, 1824-1853 | ||
| 650 | |a Libros - |z México - |x Historia - |y Federalismo y Centralismo, 1824-1853 | ||
| 650 | |a Consumo y Oferta Cultural - |z México (Ciudad)- |x Historia - |y Federalismo y Centralismo, 1824-1853 | ||
| 650 | |a Consumo y Oferta Cultural - |z México - |x Historia - |y Federalismo y Centralismo, 1824-1853 | ||
| 650 | |a Consumo y Oferta Cultural - |z México - |x Historia - |y Siglo XIX | ||
| 650 | |a Cambios Sociales y Culturales - |z México (Ciudad) - |x Historia - |y Federalismo y Centralismo, 1824-1853 | ||
| 650 | |a Cambios Sociales y Culturales - |z México - |x Historia - |y Federalismo y Centralismo, 1824-1853 | ||
| 650 | |a Cambios Sociales y Culturales - |z México - |x Historia - |y Siglo XIX | ||
| 650 | |a Política Cultural - |z México (Ciudad) - |x Historia - |y Federalismo y Centralismo, 1824-1853 | ||
| 650 | |a Política Cultural - |z México - |x Historia - |y Federalismo y Centralismo, 1824-1853 | ||
| 650 | |a Cultura - |z México - |x Historia - |y Siglo XIX | ||
| 650 | |a Cultura - |z México - |x Difusión | ||
| 650 | |a México - |x Condiciones Sociales y Culturales | ||
| 650 | |a Galván Rivera, Mariano | ||
| 650 | |a Cumplido, Ignacio | ||
| 650 | |a Lara, José Mariano | ||
| 650 | |a García Torres, Vicente | ||
| 650 | |a Rafael y Vilá, Rafael de | ||
| 650 | |a Andrade, José María | ||
| 910 | |a Fondo General | ||
| 920 | |a Impresos - Libros | ||
| 930 | |a Colección General | ||
| 905 | |a 101 | ||
| 901 | |a 0500084684 |b IT1 |c ACC |u 20250521 | ||
| 902 | |a https://opac.biblio.iteso.mx/vufind/Record/000156292 | ||